| 000 | 00905 a2200265 4500 | ||
|---|---|---|---|
| 999 |
_c8002 _d8002 |
||
| 020 | _a0821356747 | ||
| 020 | _a0821356755 | ||
| 050 | 0 | 0 | _aHC79 HEN 2003 |
| 100 |
_aHenry Carla _eauthor |
||
| 245 | 0 | 0 |
_aMicrofinance poverty assessment tool / _cby Carla Henry ... [et al.]. |
| 264 |
_aWashington _b:World bank , _c2003 |
||
| 300 |
_axvi, 206 p. : _bill. ; |
||
| 500 | _aAt head of title: CGAP. | ||
| 500 | _a"September 2003." | ||
| 504 | _aIncludes bibliographical references (p. 205-206). | ||
| 650 | 0 |
_aPoverty _xStatistical methods. |
|
| 650 | 0 | _aMicrofinance. | |
| 700 | 1 |
_aManohar Sharma _eauthor |
|
| 700 | 1 |
_aCecile Lapenu _eauthor |
|
| 700 | 1 |
_aManfred Zeller _eauthor |
|
| 710 | 2 | _aConsultative Group to Assist the Poorest. | |
| 856 | 4 | 1 | _uhttp://www.cgap.org/docs/TechnicalTool_05.pdf |
| 942 |
_2lcc _cBK _h79 _iHEN _kHC |
||